000
00223nam a22000857a 4500
001
1235353
005
20250930125733.0
245
_a
BABANNEMİN İÇİNE UZAYLI KAÇTI
_c
SEVGİ SAYGI
260
_b
GÜNIŞIĞI KİTAPLIĞI YAYINLARI
999
_c
1235353
_d
1235353